Податкова система (Запис № 338835)

МАРК-запис
000 -Лідер
fixed length control field 01843nam a22002777a 4500
001 - Контрольний номер
control field 52747
003 - Ідентифікатор контрольного номера
control field UA-OsUOA
005 - Дата та час останнього входження (трансакції)
control field 20230504161249.0
007 - Фіксоване поле фізичного опису
fixed length control field ta
008 - Елементи даних фіксованої довжини – загальна інформація
fixed length control field 20080303b un ||||| |||| 00| 0 ukr d
020 ## - Міжнародний стандартний книжковий номер (ISBN)
Міжнародний стандартний книжковий номер (ISBN) (НП) 978-966-364-471-4
040 ## - Джерело каталогізації
Агенція оригінальної каталогізації UA-OsUOA
Мова каталогізації ukr
Агенція, яка здійснювала перезапис UA-OsUOA
Агенція, яка здійснювала модифікацію UA-OsUOA
041 ## - Код мови
Код мови тексту/ звукової доріжки чи окремого заголовка (П) ukr
080 ## - Індекс Універсальної десяткової класифікації
Індекс Універсальної десяткової класифікації (УДК) (НП) 336.221.14(075.8)
090 ## - Локальний шифр розміщення
Класифікаційний індекс УДК 336.221.14(075.8)
Авторський знак (НП) Д30
100 ## - Основне введення – ім’я особи
Ім’я особи (НП) Демиденко Л. М.
245 ## - Відомості про назву
Назва (НП) Податкова система
Решта назви (НП) навчальний посібник
260 ## - Публікація, розповсюдження і т.п. (Вихідні дані)
Місце публікації, розповсюдження і т.п. (П) К.
Ім’я/ наймення видавництва, розповсюджувача і т.п. (П) ЦНЛ
Дата публікації, розповсюдження і т.п. (П) 2007
300 ## - Фізичний опис
Обсяг 184 с.
520 ## - Резюме і т.п.
Резюме, реферат, анотація, тощо (НП) Навчальний посібник розрахований на студентів вищих навчальних закладів, які вивчають нормативну дисципліну «Податкова система». У ньому подані навчальна програма курсу, плани лекцій та семінарських занять, короткий зміст лекцій курсу, методичні рекомендації до самостійної роботи студентів над темами курсу, тестові і розрахункові завдання, перелік питань для підсумкового контролю знань. Посібник містить приклади розрахунку окремих видів податків у практикумі з курсу “Податкова система”, загальний список рекомендованої літерату­ри і довідкову корисну інформацію.
650 #7 - Додаткове предметне введення – тематичний термін
Тематичний термін чи географічна назва, як елемент введення (НП) 336 Фінанси
Джерело заголовка чи терміна UDC
700 ## - Додаткове введення – ім'я особи
Ім’я особи (НП) Субботович Ю. Л.
942 ## - Додаткові елементи входу (Коха)
Тип елемента Koha Книги
Source of classification or shelving scheme Universal Decimal Classification
955 ## - Код типу видання за змістом
Код типу видання за змістом (НП) Навчальні видання
Фонди
Стан вилучень Стан втрат Джерело класифікації або схеми стелажів Стан уражень Не для кредиту Постійне місце розташування Поточне розміщення Дата придбання Джерело придбання Вартість, звичайна ціна покупки Інвентарний номер Усього замовленно Повний номер виклику Штрих-код Дата останнього перегляду Ціна ефективна від Тип елемента Koha Усього утримується
    Universal Decimal Classification     АБ - Абонемент НБ АБ - Абонемент НБ 18/08/2008 104/2008 22.00 114672   336.221.14(075.8) Д30 114672 07/12/2021 03/03/2008 Книги  
    Universal Decimal Classification     АБ - Абонемент НБ АБ - Абонемент НБ 18/08/2008 104/2008 22.00 114673   336.221.14(075.8) Д30 114673 07/12/2021 03/03/2008 Книги  
Withdrawn   Universal Decimal Classification   Not For Loan АБ - Абонемент НБ АБ - Абонемент НБ 18/08/2008 104/2008 22.00 114674   336.221.14(075.8) Д30 114674 13/07/2019 03/03/2008 Книги 1
    Universal Decimal Classification     АБ - Абонемент НБ АБ - Абонемент НБ 18/08/2008 104/2008 22.00 114675   336.221.14(075.8) Д30 114675 07/12/2021 03/03/2008 Книги  
    Universal Decimal Classification     АБ - Абонемент НБ АБ - Абонемент НБ 18/08/2008 104/2008 22.00 114676   336.221.14(075.8) Д30 114676 07/12/2021 03/03/2008 Книги  
    Universal Decimal Classification     АБ - Абонемент НБ АБ - Абонемент НБ 18/08/2008 104/2008 22.00 114677   336.221.14(075.8) Д30 114677 07/12/2021 03/03/2008 Книги  
    Universal Decimal Classification     АБ - Абонемент НБ АБ - Абонемент НБ 18/08/2008 104/2008 22.00 114678   336.221.14(075.8) Д30 114678 07/12/2021 03/03/2008 Книги  
    Universal Decimal Classification     АБ - Абонемент НБ АБ - Абонемент НБ 18/08/2008 104/2008 22.00 114679   336.221.14(075.8) Д30 114679 07/12/2021 03/03/2008 Книги  
    Universal Decimal Classification     АБ - Абонемент НБ АБ - Абонемент НБ 18/08/2008 104/2008 22.00 114680   336.221.14(075.8) Д30 114680 07/12/2021 03/03/2008 Книги  
    Universal Decimal Classification     АБ - Абонемент НБ АБ - Абонемент НБ 18/08/2008 104/2008 22.00 114681   336.221.14(075.8) Д30 114681 07/12/2021 03/03/2008 Книги  
    Universal Decimal Classification     ЧЗ - Читальна зала ЧЗ - Читальна зала 03/03/2008 23/2008 22.00 111859   336.221.14(075.8) Д30 111859 07/02/2022 03/03/2008 Книги